Statistics for F.R.I.E.N.D.S Quiz

Click here to take the quiz!

General Stats

  • This quiz has been taken 84 times
  • The average score is 12 of 15

Answer Stats

QuestionAnswer% Correct
What is Monica skilled at?Cooking
95%
What was Janice known for?Oh...my....god
95%
What does Joey never share?His food
94%
What's the title of the Friends theme song?I'll be there for you
94%
Who is the last to join the group?Rachel
92%
What is the name of Rachel's hairless cat?Mrs. Whiskerson
91%
In which city is Friends set?New york
91%
Who was Monica's first kiss?Ross
87%
What is Chandler's middle name?Muriel
86%
Who does Joey dress as in Monica's and Chandler's wedding?Soldier
86%
Where did Ross reunite with Julie?China
85%
How many categories of towels does Monica have?11
84%
What city does the Mama's Little Bakery cheesecake that Rachel and Chandler steal come from?Chicago, Illinois
59%
What is Susan Bunch's job?Commercial director
54%
Which is NOT a line in this song? - Morning's here.....I'm full of cheer
38%

Score Distribution

Percentile by Number Answered

Percent of People with Each Score

Your Score History

You have not taken this quiz